Welcome to CU Library Online Public Access Catalogue (OPAC)

Integrated design in contemporary architecture / (Record no. 8563)

MARC details
000 -LEADER
fixed length control field 00820cam a2200229 a 4500
001 - CONTROL NUMBER
control field 15164881
005 - DATE AND TIME OF LATEST TRANSACTION
control field 20251215173244.0
008 - FIXED-LENGTH DATA ELEMENTS--GENERAL INFORMATION
fixed length control field 080201s2008 nyuae 000 0 eng
020 ## - INTERNATIONAL STANDARD BOOK NUMBER
International Standard Book Number 9781568987453
Qualifying information alk. paper
020 ## - INTERNATIONAL STANDARD BOOK NUMBER
International Standard Book Number 1568987455
Qualifying information alk. paper
050 00 - LIBRARY OF CONGRESS CALL NUMBER
Classification number NA2542.36
Item number .M64 2008
082 00 - DEWEY DECIMAL CLASSIFICATION NUMBER
Classification number 720
Edition information 22
100 1# - MAIN ENTRY--PERSONAL NAME
Personal name Moe, Kiel.
245 10 - TITLE STATEMENT
Title Integrated design in contemporary architecture /
Statement of responsibility, etc. Kiel Moe.
250 ## - EDITION STATEMENT
Edition statement 1st ed.
260 ## - PUBLICATION, DISTRIBUTION, ETC.
Place of publication, distribution, etc. New York, N.Y. :
Name of publisher, distributor, etc. Princeton Architectural Press,
Date of publication, distribution, etc. c2008.
300 ## - PHYSICAL DESCRIPTION
Extent 203 p. :
Other physical details col. ill., plans (some col.) ;
Dimensions 32 cm.
650 #0 - SUBJECT ADDED ENTRY--TOPICAL TERM
Topical term or geographic name entry element Sustainable architecture
Geographic subdivision United States.
650 #0 - SUBJECT ADDED ENTRY--TOPICAL TERM
Topical term or geographic name entry element Architecture
Geographic subdivision United States
General subdivision History
Chronological subdivision 21st century.
856 41 - ELECTRONIC LOCATION AND ACCESS
Materials specified Table of contents only
Uniform Resource Identifier <a href="http://www.loc.gov/catdir/toc/ecip0810/2008005145.html">http://www.loc.gov/catdir/toc/ecip0810/2008005145.html</a>
942 ## - ADDED ENTRY ELEMENTS (KOHA)
Source of classification or shelving scheme Library of Congress Classification
Koha item type Books
Edition 1st ed.
Suppress in OPAC No
999 ## -
-- 8563
-- 8563
Holdings
Withdrawn status Lost status Source of classification or shelving scheme Damaged status Not for loan Collection Home library Current library Shelving location Date acquired Total checkouts Full call number Barcode Date last seen Copy number Price effective from Koha item type
    Library of Congress Classification     Non-fiction Science Library (Miotso) Science Library (Miotso) Reference 12/15/2025   NA2542.36 .M64 MOE SLM00006626 12/15/2025 1 12/15/2025 Books
© 2023-2024 Copyright: Central University Libraries. All Rights Reserved | Created by: Mahone Tech Office